[Event "Odensemesterskabet 2017-IM 2"]
[Site "Odense"]
[Date "2017.10.15"]
[Round "5"]
[White "Fries-Nielsen, Jens Ove"]
[Black "Olsen, Filip Boe"]
[Result "1/2-1/2"]
[WhiteElo "2314"]
[BlackElo "2266"]
[Annotator "TA"]
[PlyCount "25"]
[EventDate "2017.??.??"]
[EventCountry "DEN"]
[SourceTitle "playchess.com"]
[Source "ChessBase"]
[SourceQuality "1"]

{[%evp 9,25,-36,-40,-34,0,-5,3,0,9,9,8,5,8,0,18,6,6,-7]} 1. Nf3 d5 2. d3 Nf6 3. Bg5 e6 (3... Nbd7 4. h3 e5 5. e3 Bd6 6. Be2 O-O 7. Nbd2 h6 8. Bh4 Re8 9. O-O c6 10. Bg3 Nf8 11. Re1 {½-½ (33) Nguyen,N (2567)-Le,Q (2583) Beijing 2008}) 4. Nbd2 Be7 5. e4 c5 6. Be2 {A06: Réti Opening:1 Nf3 d5} b6 7. O-O {The position is equal.} Bb7 8. c3 $146 ({Predecessor:} 8. e5 Nfd7 9. Bxe7 Qxe7 10. Re1 Nc6 11. Bf1 g5 {0-1 (57) Belousov,V-Blinov,S (1904) Konakovo 2014}) 8... O-O {[%cal Rd5e4]} 9. e5 Nfd7 10. Bxe7 Qxe7 11. d4 Ba6 12. Bxa6 Nxa6 13. Qe2 1/2-1/2

[Event "Odensemesterskabet 2017-IM 2"]
[Site "Odense"]
[Date "2017.10.15"]
[Round "5"]
[White "Nielsen, Viktor Haarmark"]
[Black "Rostgaard, Tobias Valentin"]
[Result "1/2-1/2"]
[WhiteElo "2302"]
[BlackElo "2297"]
[Annotator "TA"]
[PlyCount "29"]
[EventDate "2017.??.??"]
[EventCountry "DEN"]
[SourceTitle "playchess.com"]
[Source "ChessBase"]
[SourceQuality "1"]

{[%evp 26,29,28,16,21,4]} 1. d4 Nf6 2. Nf3 d5 3. c4 e6 4. Nc3 c5 5. cxd5 Nxd5 6. e4 Nxc3 7. bxc3 cxd4 8. cxd4 Bb4+ 9. Bd2 Bxd2+ 10. Qxd2 O-O 11. Bc4 Nd7 12. O-O {D41: Queen's Gambit Declined: Semi-Tarrasch with 5 cxd5} b6 13. Rad1 (13. d5 Nc5 14. Rfe1 Bb7 15. Rad1 exd5 16. exd5 Qf6 17. Qe3 Rad8 18. h4 h6 19. h5 Rd6 {½-½ (55) Aronian,L (2799)-Matlakov,M (2728) Tbilisi 2017}) 13... Bb7 14. Bd3 {[#] LiveBook: 3 Games} Re8 $146 ({Predecessor:} 14... Rc8 15. Rfe1 Qf6 16. e5 Qe7 17. Ng5 h6 18. Ne4 Bxe4 19. Bxe4 Rfd8 20. f4 g6 21. Kh1 Nf8 22. Rc1 Qa3 23. Rxc8 Rxc8 {½-½ (23) Hracek,Z (2606)-Macieja,B (2618) Novi Sad 2009}) 15. Qf4 1/2-1/2